000 00938nam a2200217Ia 4500
003 OSt
005 20241104135118.0
007 ca aa aaaaa
008 201103s9999 xx 000 0 und d
040 _cSSBUL
041 _abur
082 _223
_a၂၉၄.၃၄၄၃၅ ဘ
_b၉၂၄၅ S-SAT
100 0 _aဘချစ်တင်၊ ဦး။
_917361
245 1 0 _aသစ္စာလေးချက်ဓမ္မစက်(ခေါ်) ဝိပဿနာကိုယ်တွေ့အလုပ်တရား /
_cဦးဘချစ်တင်။
250 _aစတုတ္ထအကြိမ်။
260 _aရန်ကုန် ၊
_bပညာဝေပုလ္လပိဋကတ်စာအုပ်တိုက်၊
_c၁၉၇၆။
300 _a၁၉၂ စာမျက်နှာ ၊
_c၁၈ စင်တီ။
500 _aS-SAT: Dr. Sai Aung Tun
650 _aဝိပဿနာ။
942 _2ddc
_cBK1
999 _c16758
_d16758